Palais des Papes d'Avignon (au temps des papes) - Quiz - Statistiques

Statistiques générales
  • Ce quiz a été pris 6 fois
  • Le résultat moyen est 2 sur 10
Statistiques - réponses
Hint Réponse % Correct
Je suis le style architectural du palais gothique
83%
Je suis la couleur de fond des fresques de la Chambre du pape (construite sous Benoit XII) bleu
67%
Je suis le pape à avoir choisi Avignon comme capitale de la papauté provisoire Clément V
33%
Je suis l'année d'arrivée de la papauté à Avignon 1309
17%
Je suis le nom du rocher sur lequel le palais prend place Doms
17%
J'ai construit le premier palais d'Avignon mais celui-ci à été détruit par mon successeur Jean XXII
17%
Je suis la date de fin de la papauté au palais 1418
0%
Je suis la date de début du Grand schisme d'Occident 1478
0%
J'ai inventé un super système d'escaliers pour mener à la Grande Chapelle Jean de Louvres
0%
Je suis le peintre emblématique du palais Matteo / Giovannetti
0%
Aucun quiz correspondant
Distribution des résultats
% des personnes avec chaque résultat
Percentile par nombre de réponses
Votre historique - résultats
Vous n’avez pas pris ce quiz